"Złote gody" olsztyńskich bibliotek

Titel: "Złote gody" olsztyńskich bibliotek
Verfasser:
In: Bibliotekarz Olsztyński, (1996), Seite 41-50, Tab.
alle Artikel anzeigen
Veröffentlicht: 1996 [Jubiläumsausgabe]
Format: Aufsatz
Sprache: Polnisch
Kein Bild verfügbar
X
alg: 39352782
001A    $01999:12-11-16 
001B    $01999:25-05-21 $t21:43:12.000 
001D    $01999:12-11-16 
001U    $0utf8 
001X    $00 
002@    $0Aox 
003@    $0393527824 
007A    $0393527824 $aHEB 
007T    $0Herdt02239 
010@    $apol 
011@    $a1996 $n1996 [Jubiläumsausgabe] 
021A    $a"@Złote gody" olsztyńskich bibliotek 
027A    $aDas "Goldene Fest" der Allensteiner Bibliotheken 
028A    $aHałun $dKrystyna 
031A    $h41-50, Tab. $j1996 
037A    $aBetr. Geschichte der Bibliotheken in der Wojewodschaft Allenstein in den Jahren 1945-1995. 
039B    $aIn $8--Abvc--. Bibliotekarz Olsztyński. - Olsztyn : Woj. Bibl. Publ., 1983-1998. - ISSN 1426-4218 $x199600000000000959 $9287103307 
045F    $a307.094382 $eDDC23BSB 
045F/01 $a307.09 
045F/03 $g4382 
045F/03 $g43832 
046C    $aDas "Goldene Fest" der Allensteiner Bibliotheken $bÜbers. des Hauptsacht. 

lok: 39352782 78

exp: 39352782 78 1 #EPN
201B/01 $002-10-18 $t22:58:22.000 
201U/01 $0utf8 
203@/01 $0789638266 
208@/01 $a12-11-16 $be 
209A/01 $a/ $f000 $x00 
220C/01 $aTitelaufnehmer: uz 
244Z/01 $2Trx $#Prusy Wschodnie i Zachodnie $8--Trx--Ost- und Westpreußen $x01 $939113373X 
244Z/01 $#Województwo olsztyńskie $#Olsztyn województwo $#Allenstein Woiwodschaft $#Olsztyn Województwo $74466733-4 $8--Tg1--Woiwodschaft Allenstein $x02 $9088950069 
244Z/01 $aGeschichte 1945-1995 $x03 
244Z/01 $2Trx $#raamatukogu olemus $#bibliotekininkystė $#librarianship $#könyvtárak $#bibliotekoznawstwo $#knihovníctvo $#knihovnictví $#bibliotekarstwo $8--Trx--Bibliothekswesen $x04 $9391361147 
244Z/01 $2Trx $8--Trx--Zeitschriftenaufsatz $x05 $9391384341 
245Z/01 $a13.02 $x01 
245Z/01 $a11.06 $x02 
247C/01 $82080>Marburg/Lahn, Herder-Institut, Forschungsbibliothek, Bibliographieportal $9336309341
LEADER 00000caa a22000002c 4500
001 393527824
003 DE-603
005 20210525214312.0
007 tu
008 161112s1996 xx |||| | u00||u|pol c
035 |a (DE-599)HEB393527824 
040 |a DE-603  |b ger  |c DE-603  |d DE-603 
041 |a pol 
082 0 4 |8 1\u  |a 307.094382  |q DE-101  |2 23/BSB 
085 |8 1\u  |b 307.09 
085 |8 1\u  |z 2  |s 4382 
085 |8 1\u  |z 2  |s 43832 
100 1 |a Hałun, Krystyna 
245 0 0 |a "Złote gody" olsztyńskich bibliotek 
246 1 |i Übers. des Hauptsacht.  |a Das "Goldene Fest" der Allensteiner Bibliotheken 
246 1 3 |a Das "Goldene Fest" der Allensteiner Bibliotheken 
264 0 |c 1996 [Jubiläumsausgabe] 
500 |a Betr. Geschichte der Bibliotheken in der Wojewodschaft Allenstein in den Jahren 1945-1995. 
773 0 8 |i In  |t Bibliotekarz Olsztyński  |d Olsztyn : Woj. Bibl. Publ., 1983-1998  |x 1426-4218  |g (1996), Seite 41-50, Tab.  |w (DE-603)287103307  |w (DE-600)2645626-6 
924 0 |9 2080  |a (DE-603)789638266  |b DE-2080  |c HES  |d d  |g /